000 00438nam a2200193Ia 4500
008 240510s9999 xx 000 0 und d
020 _a193011043X
041 _aEng
082 _a005.117
082 _bT17
100 _aTATE ,B..A.
245 0 _aBITTER JAVA
260 _bGREENWICH : MANNING
260 _c2002
300 _a339 p.
650 _aJAVA PROGRAMMING : OBJECT ORIENTED PROGRAMMING
942 _2ddc
942 _cLBK
999 _c27083
_d27083
945 _a1
_bMadushi Gamage
_c1
_dMadushi Gamage